01396nam a2200325 i 4500001001000000003000900010005001700019007000300036008004100039020001500080040003000095041000800125082002100133100004100154245011900195250002200314264007200336300004500408336002700453337003300480338002800513490004500541500007100586500007400657600005400731650005800785651010500843651007200948700005001020000008552DO-SdBNP20251027102241.0ta090917s2006 dr a 000 0 spa d a9993499781 aDO-SdBNPbspacBNPHUerda aspa 4a972.9bH695e2221 aHoetink, H.,d1931-2005eautor4aut.10aEnsayos caribeños /cHanry Hoetink ; cuidado de edición, José Chez Checo ; presentación, Frank Moya Pons. aPrimera edición 4aSanto Domingo :bEditora Academia Dominicana de la Historia,c2006. a121 páginas :bilustraciones ;c23 cm. atextobtxt2rdacontent asin mediaciónbn2rdamedia avolumenbnc2rdacarrier0 aAcademia Dominicana de la Historia ;v74 aIncluye datos biográficos del autor en la solapa de la cubierta. aIncluye referencias bibliográficas y notas al pie de las páginas.10aHoetink, Harmannus, d1931-2005 vBibliografías 4aEtnicidad zBrasil2LEMBvEnsayos, conferencias, etc. 4aRepública DominicanaxCondiciones socialesxHistoriaySiglo XXvEnsayos, conferencias, etc. 2LEMB 0aCaribe (Región)xHistoria ySiglo XXvEnsayos, conferencias, etc.1 aChez Checo, José,d1949-ecuidado edición